Замок: роман; пер. с нем.

Detaylı Bibliyografya
Yazar: Кафка Ф. Франц
Diğer Yazarlar: Рудницкий М. Л. (переводчик)
Özet:Книга, абсурдность сюжета которой подана с потрясающим правдоподобием и обыденностью. Ее можно интерпретировать как притчу и как сатиру на мир бюрократизма и тотального контроля. Но все новые и новые читатели вслед за землемером К. ищут дорогу в таинственный замок... Перед вами — один из самых неординарных и многогранных романов XX столетия в новом переводе!"
Dil:Rusça
Baskı/Yayın Bilgisi: Москва, АСТ, 2016
Seri Bilgileri:Зарубежная классика
Konular:
Materyal Türü: MixedMaterials Kitap
KOHA link:https://koha.lib.tpu.ru/cgi-bin/koha/opac-detail.pl?biblionumber=343778

MARC

LEADER 00000nam0a2200000 4500
001 343778
005 20231102005608.0
010 |a 9785170955749 
035 |a (RuTPU)RU\TPU\book\374385 
035 |a RU\TPU\book\233699 
090 |a 343778 
100 |a 20191030d2016 m a0rusy5003 ca 
101 1 |a rus  |c ger 
102 |a RU 
105 |a y z 000ay 
200 1 |a Замок  |e роман  |e пер. с нем.  |f Ф. Кафка  |g пер. М. Л. Рудницкий 
210 |a Москва  |c АСТ  |d 2016 
215 |a 416 с. 
225 1 |a Зарубежная классика 
330 |a Книга, абсурдность сюжета которой подана с потрясающим правдоподобием и обыденностью. Ее можно интерпретировать как притчу и как сатиру на мир бюрократизма и тотального контроля. Но все новые и новые читатели вслед за землемером К. ищут дорогу в таинственный замок... Перед вами — один из самых неординарных и многогранных романов XX столетия в новом переводе!" 
606 1 |a Немецкая литература  |2 stltpush  |3 (RuTPU)RU\TPU\subj\45368  |9 64612 
610 1 |a психологическая проза 
610 1 |a романы 
675 |a 83  |v 3 
700 1 |a Кафка  |b Ф.  |c австрийский писатель  |f 1883-1924  |g Франц  |2 stltpush  |3 (RuTPU)RU\TPU\pers\494  |9 235 
702 1 |a Рудницкий  |b М. Л.  |4 730 
801 0 |a RU  |b 63413507  |c 19950417  |g psbo 
801 1 |a RU  |b 63413507  |c 20050831  |g PSBO 
801 2 |a RU  |b 63413507  |c 20191128  |g PSBO 
942 |c BK